000
00233 a2200097 4500
001
52847
100
_a
Michaels A
245
_a
International Disde Equivalents Guide
260
_a
New York
_b
Bernard Babani
_c
090
_c
33249
_d
33249
942
_a
NUST-CAE
_c
M
_c
25835
999
_c
287920
_d
287920